Logo CIB grande

PRINCIPLES OF SEDIMENTOLOGY AND STRATIGRAPHY (Registro nro. 227774)

Detalles MARC
000 -LEADER
campo de control de longitud fija 00605nam a2200241Ia 4500
005 - FECHA Y HORA DE LA ÚLTIMA TRANSACCIÓN
campo de control 20250425162350.0
008 - DATOS DE LONGITUD FIJA--INFORMACIÓN GENERAL
campo de control de longitud fija 250425s9999 xx 000 0 und d
020 ## - NÚMERO INTERNACIONAL ESTÁNDAR DEL LIBRO
Número Internacional Estándar del Libro 0131547283
041 ## - CÓDIGO DE IDIOMA
Código de lengua del texto/banda sonora o título independiente eng
082 ## - NÚMERO DE LA CLASIFICACIÓN DECIMAL DEWEY
Número de clasificación 552.5
010 ## - NÚMERO DE CONTROL DE LA BIBLIOTECA DEL CONGRESO
Número de control de LC 66335
100 ## - ENTRADA PRINCIPAL--NOMBRE DE PERSONA
Nombre de persona BOGGS MATTHEWS, CAROLE
245 #0 - MENCIÓN DEL TÍTULO
Título PRINCIPLES OF SEDIMENTOLOGY AND STRATIGRAPHY
250 ## - MENCION DE EDICION
Mención de edición 4TH ED.
260 ## - PUBLICACIÓN, DISTRIBUCIÓN, ETC.
Lugar de publicación, distribución, etc. Estados Unidos
Nombre del editor, distribuidor, etc. PEARSON EDUCATION
Fecha de publicación, distribución, etc. 2006
260 ## - PUBLICACIÓN, DISTRIBUCIÓN, ETC.
Lugar de publicación, distribución, etc. UPPER SADDLE RIVER
300 ## - DESCRIPCIÓN FÍSICA
Extensión 662
650 ## - PUNTO DE ACCESO ADICIONAL DE MATERIA--TÉRMINO DE MATERIA
Término de materia o nombre geográfico como elemento de entrada ESTRATIGRAFIA
650 ## - PUNTO DE ACCESO ADICIONAL DE MATERIA--TÉRMINO DE MATERIA
Término de materia o nombre geográfico como elemento de entrada GEOLOGIA
650 ## - PUNTO DE ACCESO ADICIONAL DE MATERIA--TÉRMINO DE MATERIA
Término de materia o nombre geográfico como elemento de entrada ROCAS SEDIMENTARIAS
650 ## - PUNTO DE ACCESO ADICIONAL DE MATERIA--TÉRMINO DE MATERIA
Término de materia o nombre geográfico como elemento de entrada SEDIMENTACION
942 ## - ELEMENTOS DE ENTRADA SECUNDARIOS (KOHA)
Tipo de ítem Koha Libros
Existencias
Estatus retirado Estado de pérdida Estado de daño No para préstamo Biblioteca de origen Biblioteca actual Fecha de adquisición Coste, precio normal de compra Etiqueta RFID Total de préstamos Código de barras Copia número Tipo de ítem Koha Nota pública Fuente de la clasificación o esquema de estantería Ubicación en estantería Signatura topográfica completa
        CENTRO DE INFORMACIÓN BIBLIOTECARIA CENTRO DE INFORMACIÓN BIBLIOTECARIA 18/11/2023 105.00 0000000000000000036818   61459 5 Libros FICT. ESPOL      
        CENTRO DE INFORMACIÓN BIBLIOTECARIA CENTRO DE INFORMACIÓN BIBLIOTECARIA 15/05/2009 136.00     53553 1 Libros   Clasificación Decimal Dewey    
        CENTRO DE INFORMACIÓN BIBLIOTECARIA CENTRO DE INFORMACIÓN BIBLIOTECARIA 15/05/2009 136.00 0000000000000000016811   53554 2 Libros   Clasificación Decimal Dewey    
        CENTRO DE INFORMACIÓN BIBLIOTECARIA CENTRO DE INFORMACIÓN BIBLIOTECARIA 04/05/2009 136.00 0000000000000000036666   61071 3 Libros FICT. ESPOL Clasificación Decimal Dewey   552.5

Copyright 2025 ESPOL. Todos los derechos reservados.